Efektívne príjmové toky startupu bakalárska práca

Na minha lista:
Detalhes bibliográficos
Autor principal: Fleischmannová, Lucia
Autor Corporativo: Fakulta podnikového manažmentu EU. Katedra manažmentu
Outros Autores: Bednár, Richard, 1985-
Formato: Livro
Idioma:eslovaco
Publicado em: Bratislava 2019
Tags: Adicionar Tag
Sem tags, seja o primeiro a adicionar uma tag!

MARC

LEADER 00000nbm a2200000 4500
001 0255345
005 20191118130847.1
041 0 |a slo 
044 |a SK 
245 1 0 |a Efektívne príjmové toky startupu  |b bakalárska práca  |c Lucia Fleischmannová ; školiteľ: Richard Bednár 
264 1 |a Bratislava  |c 2019 
300 |a 46 s. 
100 1 |a Fleischmannová, Lucia 
700 1 |a Bednár, Richard, 1985- 
710 2 |a Fakulta podnikového manažmentu EU. Katedra manažmentu